ბათუმის შოთა რუსთაველის სახელმწიფო უნივერსიტეტის ბიბლიოთეკა

გზა ევროკავშირისკენ (ბიბ.ჩანაწერი № 42267)

000 -LEADER
fixed length control field 01116nam a2200229Ia 4500
001 - CONTROL NUMBER
control field 8962
003 - CONTROL NUMBER IDENTIFIER
control field GE_BSU
008 - FIXED-LENGTH DATA ELEMENTS--GENERAL INFORMATION
fixed length control field 181216s||||||||xx |||||||||||||| ||und||
020 ## - INTERNATIONAL STANDARD BOOK NUMBER
International Standard Book Number ISBN 978-9941-0-5661-1
040 ## - CATALOGING SOURCE
Transcribing agency GE_BSU
080 ## - UNIVERSAL DECIMAL CLASSIFICATION NUMBER
Universal Decimal Classification number 341.217(4)+339.923:061(4)
245 ## - TITLE STATEMENT
Title გზა ევროკავშირისკენ
245 ## - TITLE STATEMENT
Remainder of title ადვოკატირების გზამკვლევი სამოქ.საზოგადოებისათვის:ევროკავშირში გადაწყვეტილებების მიღების პროცესი და ადვოკატირება/ფონდი ღია საზოგადოება საქართველო
245 ## - TITLE STATEMENT
Statement of responsibility, etc. რედ:დარეჯან ამირეჯიბი
260 ## - PUBLICATION, DISTRIBUTION, ETC.
Place of publication, distribution, etc. თბილისი
260 ## - PUBLICATION, DISTRIBUTION, ETC.
Name of publisher, distributor, etc. ,,ფაუნტეინ ჯორჯია
260 ## - PUBLICATION, DISTRIBUTION, ETC.
Date of publication, distribution, etc. 2013
300 ## - PHYSICAL DESCRIPTION
Extent 112გვ.22სმ
653 ## - INDEX TERM--UNCONTROLLED
Uncontrolled term გზა ევროკავშირისკენ
653 ## - INDEX TERM--UNCONTROLLED
Uncontrolled term ევროკავშირი
942 ## - ADDED ENTRY ELEMENTS (KOHA)
Koha item type წიგნი
ეგზემპლარები
Withdrawn status Lost status Damaged status Not for loan Date acquired Barcode Date last seen Price effective from Koha item type
        2018-12-17 31571 2018-12-17 2018-12-17 წიგნი
        2018-12-17 31572 2018-12-17 2018-12-17 წიგნი
        2018-12-17 31573 2018-12-17 2018-12-17 წიგნი
        2018-12-17 31574 2018-12-17 2018-12-17 წიგნი
        2018-12-17 31575 2018-12-17 2018-12-17 წიგნი